000
00300 a2200133 4500
082
_a
530RES
090
_c
9514
_d
9514
100
_a
Resnick & Halliday
245
_a
Physics, Vol-1, 5th Ed
250
_a
5
260
_b
John Wiley & Sons, Inc
500
_a
CFT textbook
942
_a
NUST-CAE
_k
530RES
999
_c
368847
_d
368847